Complete The Sequence - Countries - Statistics

General Stats
  • This quiz has been taken 27 times
  • The average score is 3 of 10
Answer Stats
Country 1 Country 2 Country 3 Answer % Correct
Zimbabwe Zambia Yemen Vietnam
88%
Nigeria Ethiopia Egypt DR Congo
46%
Uruguay Italy Italy Uruguay
42%
Canada United States of America Mexico Nicaragua
35%
Indiaᵃ Chinaᵃ United States of America Russia
23%
Australia Greece China United Kingdom
15%
South Sudan Montenegro East Timor Switzerland
8%
United States of America Argentina Germany Poland
4%
Soviet Union United States of America Czechoslovakia Poland
4%
Netherlands Andorra Greece Serbia
0%
No matching quizzes found
Score Distribution
Percent of People with Each Score
Percentile by Number Answered
Your Score History
You have not taken this quiz